Teorie spolehlivosti

Gespeichert in:
Bibliographische Detailangaben
1. Verfasser: Starý, Ivan (Verfasst von)
Format: Buch
Sprache:Tschechisch
Veröffentlicht: Praha : České vysoké učení technické v Praze, 1982
Tags: Tag hinzufügen
Keine Tags, Fügen Sie das erste Tag hinzu!

MARC

LEADER 00000nam a22000003a 4500
001 stu25950
005 20150617225700.7
008 980605s1982------------------------cze-d
040 |a STU  |b slo 
041 0 |a cze 
100 1 |a Starý, Ivan  |4 aut 
245 1 |a Teorie spolehlivosti 
260 |a Praha :  |b České vysoké učení technické v Praze,  |c 1982 
300 |a 94 s 
996 |b 284ES17353  |c E*S-19074  |l EE01  |s A  |a 24  |w stu25950_0002 
996 |b 284ES17347  |c E*S-19075  |l EE01  |s A  |a 24  |w stu25950_0003 
996 |b 284ES17348  |c E*S-19077  |l EE01  |s A  |a 24  |w stu25950_0005 
996 |b 284ES17349  |c E*S-19081  |l EE01  |s A  |a 24  |w stu25950_0008 
996 |b E50213  |c E*50213  |l EE06  |s P  |a 0  |w stu25950_0010